Komparácia vývoja inflácie jednotlivých krajín po vstupe so Európskej menovej únie bakalárska práca

Na minha lista:
Detalhes bibliográficos
Autor principal: Halasová, Katarína
Autor Corporativo: Fakulta hospodárskej informatiky EU. Katedra operačného výskumu a ekonometrie
Outros Autores: König, Brian, 1983-
Formato: Livro
Idioma:eslovaco
Publicado em: Bratislava 2009
Tags: Adicionar Tag
Sem tags, seja o primeiro a adicionar uma tag!

MARC

LEADER 00000nam$a2200000$$$4500
001 0103749
005 20240318134116.9
041 0 |a slo 
044 |a SK 
245 1 0 |a Komparácia vývoja inflácie jednotlivých krajín po vstupe so Európskej menovej únie  |b bakalárska práca  |c Katarína Halasová ; školiteľ: Brian König 
264 1 |a Bratislava  |c 2009 
300 |a 41 s. 
100 1 |a Halasová, Katarína 
700 1 |a König, Brian, 1983- 
710 2 |a Fakulta hospodárskej informatiky EU. Katedra operačného výskumu a ekonometrie